[Event "Taastrup Spil Naar Du Vil IV 2003"]
[Site "Taastrup"]
[Date "2009.04.23"]
[Round "4"]
[White "Hviid, Jens Carl"]
[Black "Wadtland, Flemming"]
[Result "0-1"]
[WhiteElo "1373"]
[BlackElo "1235"]
[PlyCount "118"]
[EventDate "2009.??.??"]

1. c4 c5 2. Nc3 g6 3. g3 Bg7 4. Bg2 e6 5. Qa4 Ne7 6. Ne4 Qc7 7. d3 f5 8. Nc3 a6
9. Nb5 axb5 10. Qxa8 Na6 11. cxb5 Qa5+ 12. Bd2 Qxb5 13. Nf3 O-O 14. O-O d5 15.
a4 Qc6 16. Qa7 Bd7 17. b4 Nc8 18. Qa8 Ne7 19. Qa7 Bxa1 20. b5 Qc7 21. bxa6 Nc8
22. Qxb7 Qc6 23. Ne5 Bxe5 24. Rb1 Qxa4 25. Bxd5 Nd6 26. Bb3 Nxb7 27. Bxa4 Bxa4
28. Rxb7 Ra8 29. a7 Bc6 30. Re7 Bd5 31. e4 fxe4 32. dxe4 Bb3 33. Bf4 Bf6 34.
Rb7 Rxa7 35. Rxa7 c4 36. e5 Bg7 37. Ra8+ Kf7 38. h4 h6 39. Ra7+ Kf8 40. g4 g5
41. hxg5 hxg5 42. Bg3 c3 43. Rc7 c2 44. f4 Ke8 45. fxg5 Bf8 46. Bf4 Kd8 47. Rb7
Bc5+ 48. Kf1 Bc4+ 49. Ke1 Kc8 50. Rh7 Bd3 51. Rh8+ Kd7 52. Kd2 Be4 53. Rh6 Bb4+
54. Kc1 Ba3+ 55. Kd2 c1=Q+ 56. Ke2 Qxf4 57. Rf6 Qxg4+ 58. Kd2 Qxg5+ 59. Kd1
Qxe5 0-1

[Event "Taastrup Spil Naar Du Vil IV 2003"]
[Site "Taastrup"]
[Date "2009.04.30"]
[Round "5"]
[White "Foslund, Kasper"]
[Black "Nielsen, Jan Mose"]
[Result "1/2-1/2"]
[WhiteElo "1708"]
[BlackElo "2016"]
[PlyCount "38"]
[EventDate "2009.??.??"]

1. e4 g6 2. d4 d6 3. Bc4 Bg7 4. Nf3 Nf6 5. Nc3 O-O 6. O-O c6 7. a4 a5 8. Re1
Bg4 9. h3 Bxf3 10. Qxf3 Nfd7 11. Ne2 Na6 12. c3 Nc7 13. Bg5 Nb6 14. Bb3 Qd7 15.
Rad1 Ne6 16. Bh4 c5 17. d5 Nc7 18. Qe3 Rae8 19. Ra1 Kh8 1/2-1/2

[Event "Taastrup Spil Naar Du Vil IV 2003"]
[Site "Taastrup"]
[Date "2009.04.30"]
[Round "5"]
[White "Foslund, Peter"]
[Black "Ghavamabadi, Mehdi"]
[Result "1-0"]
[WhiteElo "1623"]
[BlackElo "1233"]
[PlyCount "131"]
[EventDate "2009.??.??"]

1. c4 e5 2. Nc3 c6 3. e4 f5 4. d3 Nf6 5. exf5 d6 6. Qf3 Be7 7. Bg5 O-O 8. Ne4
Qa5+ 9. Bd2 Qb6 10. Rb1 Nbd7 11. Be2 Nxe4 12. dxe4 Nf6 13. Bd3 Bd7 14. Ne2 c5
15. O-O Bc6 16. Nc3 Rad8 17. Rfe1 Qc7 18. Nd5 Qd7 19. b4 Nxd5 20. cxd5 Bb5 21.
bxc5 Bxd3 22. Qxd3 dxc5 23. Qb3 Bd6 24. Qxb7 Qa4 25. Qb3 Qa6 26. Qg3 Qxa2 27.
Bh6 Rf7 28. Ra1 Qc2 29. Rac1 Qa4 30. Rb1 Rc8 31. Bd2 c4 32. Qc3 Re7 33. g4 Qe8
34. Rb2 Qf7 35. Reb1 g6 36. Qg3 Bc5 37. Bc3 Bd4 38. Rb8 Ree8 39. Rxc8 Rxc8 40.
Kh1 Qg7 41. Qf3 Qf7 42. h4 h6 43. Bd2 Qh7 44. Bc3 Rf8 45. Rc1 Qc7 46. f6 Qc5
47. Kg2 a5 48. g5 h5 49. Qd1 Bxf2 50. Bxe5 Bxh4 51. Qd2 Qc8 52. Qf4 Qg4+ 53.
Qxg4 hxg4 54. Bf4 Rc8 55. e5 c3 56. d6 Kf7 57. Rh1 Rc4 58. d7 Rd4 59. Rxh4 Rxd7
60. Kf2 Ke6 61. Rxg4 c2 62. Ke2 Kf5 63. e6 Kxe6 64. Bd2 Rd5 65. Re4+ Kf7 66.
Re7+ 1-0

[Event "Taastrup Spil Naar Du Vil IV 2003"]
[Site "Taastrup"]
[Date "2009.04.30"]
[Round "5"]
[White "Lauritsen, Martin Lee"]
[Black "Zmylon, Frederik Nielsen"]
[Result "1-0"]
[WhiteElo "1990"]
[BlackElo "1523"]
[PlyCount "45"]
[EventDate "2009.??.??"]

1. e4 c5 2. d4 cxd4 3. c3 dxc3 4. Nxc3 Nc6 5. Bc4 e6 6. Nf3 Nf6 7. O-O Bc5 8.
a3 a5 9. Bg5 h6 10. Bh4 d6 11. Qe2 O-O 12. Rfd1 Bd7 13. Na4 Nd4 14. Nxd4 Bxa4
15. e5 Bxd1 16. Rxd1 g5 17. Bg3 d5 18. exf6 Bxd4 19. Rxd4 Qb6 20. Qh5 Qxb2 21.
Bf1 Qb1 22. Rd3 Kh7 23. Rd1 1-0

[Event "Taastrup Spil Naar Du Vil IV 2003"]
[Site "Taastrup"]
[Date "2009.04.30"]
[Round "5"]
[White "Madsen, Simon Rise"]
[Black "Jensen, Jan Kargaard"]
[Result "1/2-1/2"]
[WhiteElo "1290"]
[BlackElo "1780"]
[PlyCount "61"]
[EventDate "2009.??.??"]

1. f4 e6 2. d4 Nf6 3. e3 b6 4. Nf3 Bb7 5. Be2 d6 6. O-O Nbd7 7. c4 Be7 8. Nc3
O-O 9. b3 Ne4 10. Nxe4 Bxe4 11. d5 exd5 12. cxd5 Bf6 13. Nd4 Bxd5 14. Rb1 Be4
15. Bd3 Bxd3 16. Qxd3 Nc5 17. Qf5 Bxd4 18. exd4 Qd7 19. Qh5 Ne4 20. f5 Rfe8 21.
Bh6 f6 22. Bf4 Qf7 23. Qf3 Rad8 24. Rfe1 Ng5 25. Qb7 a5 26. h4 Rxe1+ 27. Rxe1
Re8 28. Rxe8+ Qxe8 29. hxg5 Qe1+ 30. Kh2 Qh4+ 31. Kg1 1/2-1/2

[Event "Taastrup Spil Naar Du Vil IV 2003"]
[Site "Taastrup"]
[Date "2009.04.30"]
[Round "5"]
[White "Pedersen, Ole"]
[Black "Traerup, Jorgen"]
[Result "0-1"]
[WhiteElo "1217"]
[BlackElo "1394"]
[PlyCount "70"]
[EventDate "2009.??.??"]

1. c4 e5 2. e3 Nc6 3. g3 Nf6 4. Bg2 d6 5. Ne2 Bd7 6. a3 Rb8 7. Nbc3 a6 8. b4
Ne7 9. d4 Ng6 10. dxe5 Nxe5 11. Qd4 Be7 12. O-O O-O 13. Nd5 Nxd5 14. Bxd5 Bf6
15. Qd1 Nf3+ 16. Bxf3 Bxa1 17. Nd4 Qf6 18. Bg2 Bxd4 19. exd4 c6 20. d5 Rbd8 21.
Qb3 Rfe8 22. Bb2 Qg6 23. Qc3 cxd5 24. Bxd5 Bc6 25. Qd4 Bxd5 26. Qxd5 Rd7 27. c5
Qe6 28. Qd4 f6 29. Rd1 d5 30. Rc1 Qc6 31. Qg4 Rde7 32. Bc3 Re4 33. Qf5 d4 34.
Bd2 R8e5 35. Qh3 Re2 0-1

[Event "Taastrup Spil Naar Du Vil IV 2003"]
[Site "Taastrup"]
[Date "2009.04.30"]
[Round "5"]
[White "Wadtland, Flemming"]
[Black "Kirkebaekke, Mark"]
[Result "0-1"]
[WhiteElo "1235"]
[BlackElo "1161"]
[PlyCount "61"]
[EventDate "2009.??.??"]

1. c4 c5 2. g3 g6 3. Bg2 Bg7 4. e3 d6 5. Ne2 Qb6 6. Nbc3 f5 7. O-O Bxc3 8. Nxc3
Nf6 9. d4 O-O 10. Nd5 Nxd5 11. Bxd5+ e6 12. Bf3 Bd7 13. dxc5 dxc5 14. e4 Bc6
15. exf5 exf5 16. Bxc6 Nxc6 17. Qd5+ Rf7 18. b3 Rd8 19. Qg2 Ne5 20. Bg5 Rd3 21.
f3 Qc6 22. Rf2 Nxf3+ 23. Kh1 Nxg5 24. Qxc6 bxc6 25. Kg2 Rfd7 26. g4 Rd2 27.
gxf5 gxf5 28. h4 Ne4 29. Rxd2 Rxd2+ 30. Kf3 Kf7 31. Kf4 0-1

[Event "Taastrup Spil Naar Du Vil IV 2003"]
[Site "Taastrup"]
[Date "2009.05.07"]
[Round "6"]
[White "Nielsen, Jan Mose"]
[Black "Strom, Ebbe"]
[Result "1-0"]
[WhiteElo "2016"]
[BlackElo "1623"]
[PlyCount "31"]
[EventDate "2009.??.??"]

1. d4 d5 2. c4 e6 3. Nf3 Nf6 4. Nc3 Be7 5. Qc2 Nbd7 6. Bf4 c6 7. e3 O-O 8. c5
b5 9. g4 b4 10. Ne2 Qa5 11. b3 Ba6 12. Rg1 Ne4 13. Ng3 f5 14. gxf5 Bxf1 15.
fxe6 Ndf6 16. Nf5 1-0

[Event "Taastrup Spil Naar Du Vil IV 2003"]
[Site "Taastrup"]
[Date "2009.05.07"]
[Round "6"]
[White "Foslund, Kasper"]
[Black "Ryberg, Denis"]
[Result "1-0"]
[WhiteElo "1708"]
[BlackElo "1679"]
[PlyCount "65"]
[EventDate "2009.??.??"]

1. e4 c5 2. Nf3 g6 3. c3 Bg7 4. d4 cxd4 5. cxd4 Nc6 6. Be2 d5 7. e5 f6 8. O-O
fxe5 9. dxe5 Nxe5 10. Nxe5 Bxe5 11. Bb5+ Kf8 12. Qf3+ Kg7 13. Nc3 Nf6 14. Bg5
e6 15. h3 Qd6 16. Rad1 Rf8 17. Qe3 Ng8 18. Rfe1 Bf4 19. Qd4+ e5 20. Bxf4 Rxf4
21. Qxd5 Qxd5 22. Rxd5 e4 23. Nxe4 Be6 24. Rd6 Bxa2 25. Ng5 Rf5 26. h4 Rxb5 27.
Rd7+ Kf6 28. g4 Re5 29. Red1 Re2 30. Rxh7 Rxb2 31. f4 Rb1 32. Rxb1 Bxb1 33.
Rf7# 1-0

[Event "Taastrup Spil Naar Du Vil IV 2003"]
[Site "Taastrup"]
[Date "2009.05.07"]
[Round "6"]
[White "Dalberg, Bent"]
[Black "Foslund, Peter"]
[Result "1/2-1/2"]
[WhiteElo "1606"]
[BlackElo "1623"]
[PlyCount "52"]
[EventDate "2009.??.??"]

1. e4 c5 2. Nc3 Nc6 3. g3 g6 4. Bg2 Bg7 5. d3 d6 6. f4 e6 7. Nf3 Nge7 8. O-O
O-O 9. h3 f5 10. Kh2 Rb8 11. Bd2 b5 12. Rb1 a5 13. a3 Nd4 14. Ne2 Nxf3+ 15.
Bxf3 b4 16. axb4 axb4 17. c3 Ba6 18. Be1 Kh8 19. cxb4 cxb4 20. Bf2 Qd7 21. Qb3
d5 22. Rfd1 d4 23. e5 Rfe8 24. Bxd4 Bb7 25. Bxb7 Qxb7 26. Rf1 Nd5 1/2-1/2

[Event "Taastrup Spil Naar Du Vil IV 2003"]
[Site "Taastrup"]
[Date "2009.05.07"]
[Round "6"]
[White "Jensen, Jan Kargaard"]
[Black "Ghavamabadi, Mehdi"]
[Result "1-0"]
[WhiteElo "1780"]
[BlackElo "1233"]
[PlyCount "137"]
[EventDate "2009.??.??"]

1. d4 d5 2. c4 e6 3. Nf3 c5 4. cxd5 exd5 5. Nc3 Nf6 6. Bg5 Nbd7 7. e3 Be7 8.
Bxf6 Nxf6 9. Bb5+ Bd7 10. Qa4 O-O 11. Bxd7 Nxd7 12. Nxd5 Bd6 13. O-O Nb6 14.
Nxb6 axb6 15. Qc2 Rc8 16. Qf5 Be7 17. Rfd1 c4 18. Rac1 Rc6 19. Ne5 Rf6 20. Qd7
b5 21. Qxb7 Rd6 22. Nc6 Rxc6 23. Qxc6 Qa5 24. a3 Bf6 25. e4 Bg5 26. Ra1 Qa4 27.
g3 Qb3 28. Qc5 Bh6 29. Qb4 Qf3 30. Qxb5 Qxe4 31. Qxc4 Bg5 32. Qd3 Qd5 33. b4
Bf6 34. Rac1 Rd8 35. Qc4 Qf3 36. a4 h5 37. Qd3 Qg4 38. Rc4 h4 39. d5 Qd7 40. b5
h3 41. b6 Be5 42. a5 Qb7 43. Qe4 Bd6 44. Qh4 Qd7 45. a6 Be7 46. Qg4 Qb5 47. Rc8
Qxa6 48. Rxd8+ Bxd8 49. Qxh3 Qxb6 50. Qd7 Bf6 51. Re1 g6 52. Qc6 Qb2 53. d6 Qd2
54. Re8+ Kg7 55. d7 Bd4 56. Qf3 Bxf2+ 57. Qxf2 Qxd7 58. Qb2+ f6 59. Re1 g5 60.
Qe2 Qd4+ 61. Qe3 Qxe3+ 62. Rxe3 Kg6 63. g4 Kf7 64. Rb3 Kg6 65. Kg2 Kf7 66. Rb6
Kg6 67. Kf3 Kf7 68. Ke4 Ke7 69. Kf5 1-0

[Event "Taastrup Spil Naar Du Vil IV 2003"]
[Site "Taastrup"]
[Date "2009.05.07"]
[Round "6"]
[White "Traerup, Jorgen"]
[Black "Kirkebaekke, Mark"]
[Result "1-0"]
[WhiteElo "1394"]
[BlackElo "1161"]
[PlyCount "67"]
[EventDate "2009.??.??"]

1. d4 d5 2. e3 Bf5 3. Bd3 Bxd3 4. Qxd3 Nc6 5. Nf3 a6 6. O-O Nf6 7. a3 e6 8. c4
dxc4 9. Qxc4 Na5 10. Qc2 Bd6 11. Bd2 c6 12. Qa4 Bc7 13. Nc3 b5 14. Qc2 O-O 15.
Rfd1 Nd5 16. Ne4 f5 17. Bxa5 fxe4 18. Bxc7 Qxc7 19. Qxe4 Qe7 20. Rac1 Rac8 21.
Rc5 Nf6 22. Qc2 Qb7 23. Rc1 Nd5 24. Ng5 g6 25. Rxc6 Rxc6 26. Qxc6 Qxc6 27. Rxc6
Ra8 28. Rxe6 a5 29. Rd6 Ne7 30. Ne6 b4 31. Rd8+ Rxd8 32. Nxd8 bxa3 33. bxa3 a4
34. Nb7 1-0

[Event "Taastrup Spil Naar Du Vil IV 2003"]
[Site "Taastrup"]
[Date "2009.05.07"]
[Round "6"]
[White "Zmylon, Frederik Nielsen"]
[Black "Wadtland, Flemming"]
[Result "1-0"]
[WhiteElo "1523"]
[BlackElo "1235"]
[PlyCount "49"]
[EventDate "2009.??.??"]

1. e4 e5 2. Bc4 Nf6 3. d4 Nxe4 4. dxe5 Qe7 5. Nf3 h6 6. O-O g5 7. Re1 Nc5 8.
Be3 Nba6 9. Nc3 c6 10. Nd4 Bg7 11. Nf5 Qf8 12. Qd6 Ne6 13. Ne4 Qxd6 14. Nxg7+
Nxg7 15. exd6 b5 16. Bd4 O-O 17. Nf6+ Kh8 18. Nh5 bxc4 19. Bxg7+ Kg8 20. Bxf8
Kxf8 21. Re7 Nc5 22. Rae1 Ne6 23. Nf6 Kg7 24. Nxd7 h5 25. R1xe6 1-0

[Event "Taastrup Spil Naar Du Vil IV 2003"]
[Site "Taastrup"]
[Date "2009.05.07"]
[Round "6"]
[White "Pedersen, Ole"]
[Black "Yde, Jesper"]
[Result "0-1"]
[WhiteElo "1217"]
[BlackElo "1579"]
[PlyCount "32"]
[EventDate "2009.??.??"]

1. c4 g5 2. d4 h6 3. g3 Bg7 4. Bg2 c5 5. e3 cxd4 6. exd4 Qb6 7. Ne2 d6 8. O-O
Bg4 9. Be3 Nd7 10. Nbc3 e6 11. d5 Qb4 12. dxe6 fxe6 13. Qd3 Ne5 14. Qc2 Ne7 15.
Qa4+ Qxa4 16. Nxa4 Bxe2 0-1

[Event "Taastrup Spil Naar Du Vil IV 2003"]
[Site "Taastrup"]
[Date "2009.05.14"]
[Round "7"]
[White "Nielsen, Jan Mose"]
[Black "Nielsen, Frode Benedikt"]
[Result "1-0"]
[WhiteElo "2016"]
[BlackElo "2022"]
[PlyCount "61"]
[EventDate "2009.??.??"]

1. d4 f5 2. c4 Nf6 3. Nf3 e6 4. Qc2 d5 5. Nc3 c6 6. Bf4 Be7 7. e3 O-O 8. Bd3
Ne4 9. h4 Nd7 10. g4 Nxc3 11. bxc3 dxc4 12. Bxc4 Nf6 13. gxf5 Nd5 14. Bg5 h6
15. f6 Nxf6 16. Bxh6 gxh6 17. Qg6+ Kh8 18. Qxh6+ Nh7 19. Ng5 Bxg5 20. hxg5 Qe7
21. g6 Rf6 22. Qxh7+ Qxh7 23. Rxh7+ Kg8 24. Bd3 a5 25. Ke2 b5 26. Rah1 Rf5 27.
Bxf5 exf5 28. Re7 b4 29. g7 Ba6+ 30. Ke1 bxc3 31. Rh8# 1-0

[Event "Taastrup Spil Naar Du Vil IV 2003"]
[Site "Taastrup"]
[Date "2009.05.14"]
[Round "7"]
[White "Strom, Ebbe"]
[Black "Foslund, Kasper"]
[Result "0-1"]
[WhiteElo "1623"]
[BlackElo "1708"]
[PlyCount "110"]
[EventDate "2009.??.??"]

1. d4 e6 2. g3 f5 3. Bg2 Nf6 4. b3 d5 5. Bb2 c5 6. Nf3 Nc6 7. O-O cxd4 8. Nxd4
Bc5 9. e3 O-O 10. Nd2 Bd7 11. Qe2 Qb6 12. Nxc6 bxc6 13. Rfd1 Rae8 14. c4 Bc8
15. Rab1 Ba6 16. Qe1 e5 17. a3 e4 18. b4 Be7 19. Bd4 Qc7 20. Rdc1 dxc4 21. Bf1
Ng4 22. Nxc4 Bf6 23. Bc5 Be7 24. h3 Bxc5 25. bxc5 Nf6 26. Nd6 Bxf1 27. Rb7 Qd8
28. Nxe8 Rxe8 29. Qxf1 Qa5 30. Qc4+ Nd5 31. Qd4 Ne7 32. Qb4 Qd8 33. Rxa7 Nd5
34. Qd4 Qg5 35. Rb1 Kf8 36. Rbb7 Ne7 37. Qd6 h5 38. Rc7 h4 39. Rxe7 Rxe7 40.
Rxe7 Qxe7 41. Qxe7+ Kxe7 42. gxh4 Ke6 43. a4 Kd5 44. a5 Kxc5 45. a6 Kb6 46. a7
Kxa7 47. Kf1 Kb6 48. Ke1 Kc5 49. h5 Kc4 50. Kd2 c5 51. Kc2 Kb4 52. Kb2 c4 53.
Kc2 c3 54. h4 Kc4 55. Kc1 Kd3 0-1

[Event "Taastrup Spil Naar Du Vil IV 2003"]
[Site "Taastrup"]
[Date "2009.05.14"]
[Round "7"]
[White "Ryberg, Denis"]
[Black "Traerup, Jorgen"]
[Result "1-0"]
[WhiteElo "1679"]
[BlackElo "1394"]
[PlyCount "88"]
[EventDate "2009.??.??"]

1. e4 c5 2. Nc3 Nc6 3. g3 e6 4. Bg2 Be7 5. d3 Nf6 6. Nge2 O-O 7. O-O e5 8. f4
d6 9. f5 h6 10. h3 Bd7 11. g4 Nh7 12. Nd5 Bf6 13. Nxf6+ Qxf6 14. Nc3 Qd8 15.
Nd5 Nb4 16. Ne3 f6 17. c3 Nc6 18. Nc4 Be8 19. h4 Bf7 20. Be3 b5 21. Nd2 a5 22.
Nf3 b4 23. Qd2 a4 24. g5 fxg5 25. hxg5 hxg5 26. Nxg5 Nf6 27. Nxf7 Kxf7 28. cxb4
cxb4 29. Qc2 Ne7 30. Qc4+ Ke8 31. Qxb4 Qb8 32. Qd2 Kf7 33. Rac1 Rh8 34. d4 Qd8
35. dxe5 dxe5 36. Qc3 Qb8 37. Qc4+ Ke8 38. Bc5 Qc8 39. Qb5+ Qc6 40. Qb4 Qc7 41.
Bd6 Qa7+ 42. Bc5 Rb8 43. Qa3 Qd7 44. Rfd1 Qb5 1-0

[Event "Taastrup Spil Naar Du Vil IV 2003"]
[Site "Taastrup"]
[Date "2009.05.14"]
[Round "7"]
[White "Lauritsen, Martin Lee"]
[Black "Foslund, Peter"]
[Result "1-0"]
[WhiteElo "1990"]
[BlackElo "1623"]
[PlyCount "75"]
[EventDate "2009.??.??"]

1. e4 d6 2. d4 g6 3. Nc3 Bg7 4. f4 e6 5. Nf3 Ne7 6. Bd3 c6 7. Be3 b6 8. Qd2 f5
9. e5 d5 10. a4 Ba6 11. O-O O-O 12. b4 Bxd3 13. Qxd3 h6 14. b5 a6 15. Nd2 Qd7
16. Nb3 Qc7 17. a5 cxb5 18. axb6 Qxb6 19. Nxb5 Nbc6 20. Nd6 Nc8 21. Nc5 Nxd6
22. exd6 Nb4 23. Qd2 a5 24. c3 Nc6 25. Rfb1 Qd8 26. Nxe6 Qxd6 27. Nxf8 Bxf8 28.
Rb6 Rb8 29. Rab1 a4 30. Qa2 a3 31. Rxb8 Nxb8 32. Rb5 Nc6 33. Bc1 Ne7 34. Kf2
Qe6 35. Bxa3 Qe4 36. Bd6 g5 37. Qe2 g4 38. Qxe4 1-0

[Event "Taastrup Spil Naar Du Vil IV 2003"]
[Site "Taastrup"]
[Date "2009.05.14"]
[Round "7"]
[White "Jensen, Jan Kargaard"]
[Black "Dalberg, Bent"]
[Result "1/2-1/2"]
[WhiteElo "1780"]
[BlackElo "1606"]
[PlyCount "55"]
[EventDate "2009.??.??"]

1. d4 d5 2. Bf4 c6 3. Nf3 Nf6 4. Nbd2 e6 5. e3 Nbd7 6. Bd3 c5 7. c3 Be7 8. h3
h6 9. O-O c4 10. Bc2 b5 11. e4 dxe4 12. Nxe4 Bb7 13. Qe2 Nxe4 14. Bxe4 Bxe4 15.
Qxe4 O-O 16. Rfe1 Nf6 17. Qe2 Nd5 18. Bd2 Rc8 19. Ne5 Bd6 20. Qh5 Nf6 21. Qf3
Nd5 22. Qg4 Kh7 23. Qh5 Nf6 24. Qf3 Kg8 25. Rad1 Nd5 26. Ng4 Kh7 27. Ne5 Kg8
28. Qg4 1/2-1/2

[Event "Taastrup Spil Naar Du Vil IV 2003"]
[Site "Taastrup"]
[Date "2009.05.14"]
[Round "7"]
[White "Zmylon, Frederik Nielsen"]
[Black "Pedersen, Ole"]
[Result "0-1"]
[WhiteElo "1523"]
[BlackElo "1217"]
[PlyCount "48"]
[EventDate "2009.??.??"]

1. e4 c5 2. Nf3 g6 3. Bc4 e6 4. Nc3 Bg7 5. O-O Ne7 6. d4 cxd4 7. Nxd4 O-O 8.
Bf4 Qb6 9. Ncb5 a6 10. Bc7 Qc5 11. Nxe6 dxe6 12. Bd6 Qxc4 13. Bxe7 Re8 14. Nd6
Qc6 15. Nxe8 Qxe8 16. Qd8 Qxd8 17. Bxd8 Nc6 18. Rfd1 Bxb2 19. Rab1 Bg7 20. Rd6
Be5 21. Rd3 b5 22. Bb6 Bb7 23. Rd7 Rb8 24. Rbd1 Bc8 0-1

[Event "Taastrup Spil Naar Du Vil IV 2003"]
[Site "Taastrup"]
[Date "2009.05.14"]
[Round "7"]
[White "Kirkebaekke, Mark"]
[Black "Madsen, Simon Rise"]
[Result "0-1"]
[WhiteElo "1161"]
[BlackElo "1290"]
[PlyCount "32"]
[EventDate "2009.??.??"]

1. e4 e5 2. Bc4 d6 3. h3 Nf6 4. d3 Nc6 5. f4 Be7 6. f5 d5 7. exd5 Nxd5 8. Nf3
Bxf5 9. O-O O-O 10. Qe2 Bc5+ 11. Kh1 Re8 12. Bg5 Qd7 13. Nh4 Nd4 14. Qd1 Bxh3
15. gxh3 Qxh3+ 16. Kg1 Nf3# 0-1

[Event "Taastrup Spil Naar Du Vil IV 2003"]
[Site "Taastrup"]
[Date "2009.05.14"]
[Round "7"]
[White "Ghavamabadi, Mehdi"]
[Black "Wadtland, Flemming"]
[Result "1-0"]
[WhiteElo "1233"]
[BlackElo "1235"]
[PlyCount "87"]
[EventDate "2009.??.??"]

1. e4 e5 2. Nf3 Nf6 3. Nxe5 d6 4. Nf3 Nxe4 5. Qe2 Qe7 6. d3 Nc5 7. d4 Ne4 8.
Be3 d5 9. Ne5 g6 10. c3 f6 11. Nd3 b6 12. Nb4 a5 13. Nxd5 Qd6 14. Nf4 Ba6 15.
Nd3 Kf7 16. g3 Nd7 17. Bg2 Re8 18. O-O f5 19. Qc2 Kg7 20. Nd2 Ndf6 21. Bf4 Qd8
22. Rfe1 Nxd2 23. Qxd2 Bxd3 24. Qxd3 Be7 25. Qd2 Nd5 26. Bh6+ Kf7 27. c4 Bb4
28. Rxe8 Rxe8 29. Bxd5+ Qxd5 30. cxd5 Bxd2 31. Bxd2 Rd8 32. Rc1 Rxd5 33. Rxc7+
Ke6 34. Bc3 h6 35. h4 a4 36. Rg7 Kf6 37. Rb7 b5 38. Rb6+ Kf7 39. a3 f4 40. Kg2
fxg3 41. fxg3 g5 42. hxg5 Rxg5 43. Kh3 Rd5 44. Kh4 1-0